000
00298nam a2200133 4500
999
_c
507861
_d
507861
008
190227b ||||| |||| 00| 0 eng d
100
_a
Tripathi, S.C.
_9
2660
245
_a
Police reforms
260
_c
2018
300
_a
p.118-122.
773
_a
Dialogue
906
_a
Police
942
_2
ddc
_c
AR